000 00581nam a2200193Ia 4500
003 GCL
008 140319s9999 xx 000 0 ara d
040 _aGCL /
_cGCL
082 0 4 _a811.2
_bج ش
100 1 _aجميل بثينة، جميل بن عبد الله
245 1 0 _aشرح ديوان جميل بثينه /
_cجميل بثينة، جميل بن عبد الله
300 _a126 ص
490 _a
650 0 4 _aالشعر العربى
650 0 4 _aالادب العربى
650 0 4 _aالعصر الجاهلى
650 0 4 _aجميل بثينة
942 _2ddc
_cBK
999 _c40657
_d40657